Fr. Conceicao Rodrigues College of Engineering

''''C'''' Programming (Record no. 25543)

MARC details
000 -LEADER
fixed length control field 00259nam a2200133Ia 4500
100 ## - MAIN ENTRY--PERSONAL NAME
Personal name Niit
245 ## - TITLE STATEMENT
Title ''''C'''' Programming
260 ## - PUBLICATION, DISTRIBUTION, ETC.
Name of publisher, distributor, etc. Time-life books
366 ## - TRADE AVAILABILITY INFORMATION
Publishers's discount category 10
490 ## - SERIES STATEMENT
Volume/sequential designation I
546 ## - LANGUAGE NOTE
Language note ENGLISH
654 ## - SUBJECT ADDED ENTRY--FACETED TOPICAL TERMS
Focus term 'C' Programming
942 ## - ADDED ENTRY ELEMENTS (KOHA)
Koha item type Reference Book
Holdings
Withdrawn status Lost status Damaged status Not for loan Collection Home library Current library Shelving location Date acquired Source of acquisition Cost, normal purchase price Total Checkouts Full call number Barcode Date last seen Cost, replacement price Price effective from Koha item type
        AFT Fr. Agnel's C.Rodrigues College of Engineering Fr. Agnel's C.Rodrigues College of Engineering   17/03/2023 XEROX COPIES 67.50   AFT7042 17/03/2023 75.00   Reference Book